Materials Processing Handbook / (Record no. 564352)
[ view plain ]
| 000 -LEADER | |
|---|---|
| fixed length control field | 00419nam a2200133Ia 4500 |
| 008 - FIXED-LENGTH DATA ELEMENTS--GENERAL INFORMATION | |
| fixed length control field | 210430s9999 xx 000 0 und d |
| 020 ## - INTERNATIONAL STANDARD BOOK NUMBER | |
| International Standard Book Number | 9780849332166 |
| 082 ## - DEWEY DECIMAL CLASSIFICATION NUMBER | |
| Classification number | 670 M4251 M |
| 100 ## - MAIN ENTRY--PERSONAL NAME | |
| Personal name | Joanna R.Groza, James F. Shackelford, Enrique J. Lavernia, Michael T. Powers |
| 9 (RLIN) | 127769 |
| 245 ## - TITLE STATEMENT | |
| Title | Materials Processing Handbook / |
| Statement of responsibility, etc. | Joanna R.Groza |
| 260 ## - PUBLICATION, DISTRIBUTION, ETC. | |
| Place of publication, distribution, etc. | LONDON |
| Name of publisher, distributor, etc. | CRC Press |
| Date of publication, distribution, etc. | 2007 |
| 300 ## - PHYSICAL DESCRIPTION | |
| Extent | 1-13p |
| 942 ## - ADDED ENTRY ELEMENTS (KOHA) | |
| Koha item type | Book |
| Source of classification or shelving scheme | |
| Withdrawn status | Lost status | Damaged status | Not for loan | Collection code | Permanent Location | Current Location | Shelving location | Date acquired | Total Checkouts | Full call number | Barcode | Date last seen | Price effective from | Koha item type |
|---|---|---|---|---|---|---|---|---|---|---|---|---|---|---|
| School of Chemical & Materials Engineering (SCME) | School of Chemical & Materials Engineering (SCME) | General Stacks | 670 M4251 M | SCME-3551 | 04/30/2021 | 04/30/2021 | Book |
